Japan and the opium menace

Đã lưu trong:
书目详细资料
主要作者: Merrill, Frederick T.
格式: 图书
语言:Undetermined
出版: New York Arno Press 1981
主题:
标签: 添加标签
没有标签, 成为第一个标记此记录!
Thư viện lưu trữ: Trung tâm Học liệu Trường Đại học Cần Thơ
LEADER 00496nam a2200193Ia 4500
001 CTU_111968
008 210402s9999 xx 000 0 und d
082 |a 363.450952 
082 |b M571 
100 |a Merrill, Frederick T. 
245 0 |a Japan and the opium menace 
245 0 |c Frederick T. Merrill 
260 |a New York 
260 |b Arno Press 
260 |c 1981 
650 |a Opium trade 
650 |z Japan 
904 |i Năm 
980 |a Trung tâm Học liệu Trường Đại học Cần Thơ